Normal view
MARC view
Entry Personal Name
001 - CONTROL NUMBER
- control field: 12989
003 - CONTROL NUMBER IDENTIFIER
- control field: ARRUPE
005 - DATE AND TIME OF LATEST TRANSACTION
- control field: 20141202143905.0
008 - FIXED-LENGTH DATA ELEMENTS
- fixed length control field: 141202|| aca||aabn | a|a d
040 ## - CATALOGING SOURCE
- Original cataloging agency: ARRUPE
- Transcribing agency: ARRUPE
100 ## - HEADING--PERSONAL NAME
- Personal name: Sharaf, Hussein A.
- Fuller form of name: (Hussein Amer),
- Dates associated with a name: 1920-,
- Relator term: author.
670 ## - SOURCE DATA FOUND
- Source citation: Work cat.: (ARRUPE)0: Mautz, R. K. (Robert Kuhn), 1915-2002. 12986, The philosophy of auditing,, 1961.